Negatieve getallen - Optellen - Statistieken

Algemene statistieken
  • Deze quiz is 31 keer genomen
  • De gemiddelde score is 24 van 30
Antwoordstatistieken
OPGAVE ANTWOORD % Correct
-1 + 1 = 0
100%
-2 + 2 = 0
100%
-4 + 4 = 0
100%
-8 + 8 = 0
100%
-9 + 9 = 0
100%
-10 + 10 = 0
100%
2 + -1 = 1
100%
0 + -1 = -1
100%
1 + -2 = -1
100%
4 + -3 = 1
100%
2 + -3 = -1
100%
4 + -5 = -1
100%
5 + -6 = -1
100%
7 + -8 = -1
100%
9 + -10 = -1
100%
3 + 7 = 10
100%
1 + 9 = 10
100%
0 + 10 = 10
100%
-4 + 14 = 10
100%
-4 + -7 = -11
100%
0 + -11 = -11
100%
-4 + -9 = -13
100%
0 + -13 = -13
100%
1 + -14 = -13
100%
2 + -15 = -13
100%
3 + 11 = 14
100%
1 + 13 = 14
100%
0 + 14 = 14
100%
-1 + 15 = 14
100%
-4 + -11 = -15
100%
-2 + -13 = -15
100%
-1 + -14 = -15
100%
3 + 13 = 16
100%
2 + 14 = 16
100%
1 + 15 = 16
100%
-3 + -14 = -17
100%
-2 + -15 = -17
100%
4 + 14 = 18
100%
-4 + -15 = -19
100%
-3 + 1 = -2
100%
1 + 1 = 2
100%
-8 + 6 = -2
100%
-4 + 6 = 2
100%
-10 + 12 = 2
100%
4 + -1 = 3
100%
5 + -2 = 3
100%
-1 + -2 = -3
100%
6 + -3 = 3
100%
8 + -5 = 3
100%
2 + -5 = -3
100%
9 + -6 = 3
100%
3 + -6 = -3
100%
4 + -7 = -3
100%
5 + -8 = -3
100%
9 + -12 = -3
100%
3 + 1 = 4
100%
-6 + 2 = -4
100%
2 + 2 = 4
100%
-10 + 6 = -4
100%
-2 + 6 = 4
100%
-3 + 7 = 4
100%
-6 + 10 = 4
100%
-7 + 11 = 4
100%
-8 + 12 = 4
100%
6 + -1 = 5
100%
-4 + -1 = -5
100%
-3 + -2 = -5
100%
8 + -3 = 5
100%
9 + -4 = 5
100%
-1 + -4 = -5
100%
0 + -5 = -5
100%
2 + -7 = -5
100%
3 + -8 = -5
100%
5 + -10 = -5
100%
9 + -14 = -5
100%
-7 + 1 = -6
100%
-8 + 2 = -6
100%
4 + 2 = 6
100%
3 + 3 = 6
100%
-3 + 9 = 6
100%
-6 + 12 = 6
100%
-8 + 14 = 6
100%
9 + -2 = 7
100%
-2 + -5 = -7
100%
0 + -7 = -7
100%
1 + -8 = -7
100%
2 + -9 = -7
100%
6 + -13 = -7
100%
2 + 6 = 8
100%
-1 + 9 = 8
100%
-2 + 10 = 8
100%
-4 + 12 = 8
100%
-7 + 15 = 8
100%
10 + -1 = 9
100%
-2 + -7 = -9
100%
-1 + -8 = -9
100%
1 + -10 = -9
100%
2 + -11 = -9
100%
4 + -13 = -9
100%
10 + -9 = 1
86%
-3 + 5 = 2
86%
-2 + -3 = -5
86%
-3 + -4 = -7
86%
2 + 8 = 10
83%
-3 + -12 = -15
83%
-6 + 4 = -2
83%
0 + -3 = -3
83%
-8 + 4 = -4
83%
5 + -4 = 1
80%
6 + -5 = 1
80%
8 + -9 = -1
80%
-2 + 12 = 10
80%
4 + 10 = 14
80%
0 + 2 = 2
80%
-5 + 9 = 4
80%
2 + 4 = 6
80%
-1 + 7 = 6
80%
-4 + 10 = 6
80%
4 + 4 = 8
80%
3 + 5 = 8
80%
-6 + 14 = 8
80%
3 + -12 = -9
80%
5 + -14 = -9
80%
3 + -2 = 1
75%
-1 + 11 = 10
75%
-2 + -9 = -11
75%
1 + 11 = 12
75%
0 + 12 = 12
75%
-2 + -11 = -13
75%
2 + 12 = 14
75%
-7 + 5 = -2
75%
-7 + 9 = 2
75%
1 + -4 = -3
75%
10 + -7 = 3
75%
-5 + 1 = -4
75%
-9 + 13 = 4
75%
7 + -2 = 5
75%
7 + -14 = -7
75%
-9 + 1 = -8
75%
0 + 8 = 8
75%
-3 + -6 = -9
75%
-6 + 6 = 0
71%
3 + -14 = -11
71%
-3 + -10 = -13
71%
-3 + 3 = 0
67%
-7 + 7 = 0
67%
7 + -6 = 1
67%
-3 + 13 = 10
67%
-3 + -8 = -11
67%
2 + -13 = -11
67%
4 + -15 = -11
67%
-1 + -12 = -13
67%
4 + 12 = 16
67%
3 + 15 = 18
67%
-5 + 7 = 2
67%
-6 + 8 = 2
67%
-8 + 10 = 2
67%
-9 + 11 = 2
67%
7 + -4 = 3
67%
1 + 3 = 4
67%
0 + 4 = 4
67%
-1 + 5 = 4
67%
-4 + 8 = 4
67%
4 + -9 = -5
67%
8 + -13 = -5
67%
-4 + -3 = -7
67%
3 + -10 = -7
67%
5 + -12 = -7
67%
8 + -15 = -7
67%
-10 + 2 = -8
67%
1 + 7 = 8
67%
-5 + 13 = 8
67%
6 + -15 = -9
67%
-3 + 15 = 12
60%
-4 + -13 = -17
60%
-9 + 7 = -2
60%
7 + -10 = -3
60%
10 + -5 = 5
60%
0 + 6 = 6
60%
-1 + -6 = -7
60%
-4 + -5 = -9
60%
1 + 5 = 6
57%
-5 + 5 = 0
50%
3 + -4 = -1
50%
10 + -11 = -1
50%
4 + 6 = 10
50%
-5 + 15 = 10
50%
1 + -12 = -11
50%
4 + 8 = 12
50%
3 + 9 = 12
50%
2 + 10 = 12
50%
-1 + 13 = 12
50%
-2 + 14 = 12
50%
0 + -15 = -15
50%
-5 + 3 = -2
50%
-1 + 3 = 2
50%
-10 + 8 = -2
50%
6 + -9 = -3
50%
8 + -11 = -3
50%
10 + -13 = -3
50%
-7 + 3 = -4
50%
-10 + 14 = 4
50%
1 + -6 = -5
50%
10 + -15 = -5
50%
-10 + 4 = -6
50%
-5 + 11 = 6
50%
-7 + 13 = 6
50%
-9 + 15 = 6
50%
8 + -1 = 7
50%
10 + -3 = 7
50%
0 + -9 = -9
50%
9 + -8 = 1
40%
6 + -11 = -5
40%
-2 + 8 = 6
40%
-1 + -10 = -11
33%
-4 + 2 = -2
33%
7 + -12 = -5
33%
-9 + 3 = -6
33%
4 + -11 = -7
33%
8 + -7 = 1
0%
6 + -7 = -1
0%
-2 + 4 = 2
0%
-2 + -1 = -3
0%
-9 + 5 = -4
0%
-3 + 11 = 8
0%
Geen overeenkomende quizzen gevonden
Scoreverdeling
Procent van Mensen met Elke Score
Percentiel versus Aantal Correcte Antwoorden
Uw Scoregeschiedenis
U heeft deze quiz nog niet genomen